Central Library OPAC University of Rajshahi

Chemistry of carbon compounds : (Record no. 19482)

MARC details
000 -LEADER
fixed length control field 00755cam a22002531 4500
001 - CONTROL NUMBER
control field 19482
003 - CONTROL NUMBER IDENTIFIER
rucl marc code BD-RjUL
005 - DATE AND TIME OF LATEST TRANSACTION
control field 20211209000435.0
008 - FIXED-LENGTH DATA ELEMENTS--GENERAL INFORMATION
fixed length control field 140224s1951 ne a 001 0 eng
035 ## - SYSTEM CONTROL NUMBER
System control number (BD-RjUL)19542
040 ## - CATALOGING SOURCE
Original cataloging agency DLC
Transcribing agency DLC
Modifying agency DLC
-- BD-RjUL
Language of cataloging eng
041 ## - LANGUAGE CODE
Language code of text/sound track or separate title eng
082 00 - DEWEY DECIMAL CLASSIFICATION NUMBER
Classification number 547
Author mark and year CHE
245 00 - TITLE STATEMENT
Title Chemistry of carbon compounds :
Remainder of title a modern comprehensive treatise / edited by E.H. Rodd.
Number of part/section of a work Volume I
Name of part/section of a work Part A
260 ## - PUBLICATION, DISTRIBUTION, ETC. (IMPRINT)
Place of publication, distribution, etc. Amsterdam ;
-- New York :
Name of publisher, distributor, etc. Elsevier Pub. Co.,
Date of publication, distribution, etc. 1951.
300 ## - PHYSICAL DESCRIPTION
Pagination 777 p. :
Illustrations ill. ;
Size 23 cm.
504 ## - BIBLIOGRAPHY, ETC. NOTE
Bibliography, etc Includes index.
650 #0 - SUBJECT ADDED ENTRY--TOPICAL TERM
Topical term or geographic name as entry element Chemistry, Organic.
9 (RLIN) 59856
Topical term or geographic name as entry element Carbon compounds.
9 (RLIN) 31944
700 1# - ADDED ENTRY--PERSONAL NAME
Personal name Rodd, E. H.
942 ## - ADDED ENTRY ELEMENTS (KOHA)
Source of classification or shelving scheme Dewey Decimal Classification
Koha item type Books
Holdings
Lost status Source of classification or shelving scheme Damaged status Not for loan Collection code Permanent Location Current Location Shelving location Date acquired Source of acquisition Cost, normal purchase price Total Checkouts Full call number Date last seen Copy number Koha item type
  Dewey Decimal Classification   Not For Loan Non-fiction Central Library, University of Rajshahi Central Library, University of Rajshahi Reading Room 20/09/1957 publish Limited org. 121.00   547 CHE V-1 1951 24/02/2014 C-1 Books
  Dewey Decimal Classification   Not For Loan Non-fiction Central Library, University of Rajshahi Central Library, University of Rajshahi Reading Room 20/09/1957 Publisher united 73.00   547 CHE V-2 1953 14/05/2017 C-1 Books
  Dewey Decimal Classification   Not For Loan Non-fiction Central Library, University of Rajshahi Central Library, University of Rajshahi Reading Room 29/09/1957 Publisher united 146.00   547 CHE V-3 1954 14/05/2017 C-1 Books